| 000 | 01319 a2200181 4500 | ||
|---|---|---|---|
| 001 | 123862 | ||
| 020 | _a9788585357580 | ||
| 040 | _cEscola Canadense de Niteroi | ||
| 090 | _aROO-D1 | ||
| 100 | _aArmstrong, Jennifer | ||
| 245 | 1 | 0 | _aDito e feito |
| 260 | _aSão Paulo | ||
| 300 |
_bil. _c1 x 20.6 x 0.8 cm |
||
| 362 | 0 | _a1996 | |
| 520 | _aHugo precisa muito passar a ponte. Ele quer tentar a sorte do outro lado da cidade, onde acredita que terá todas as chances de fazer fortuna. Mas, se ele pensa que será fácil, está bastante enganado. O guarda da ponte resolveu que vai desafiar a coragem de Hugo e fazê-lo provar que quer mesmo passar pela tal ponte. Sensível narrativa de Jennifer Armstrong, que possui uma lista generosa de livros publicados em todo o mundo. Sua temática é marcada pela trajetória do herói infantil que deve vencer muitos desafios para que possa alcançar seus objetivos. Kimberly coloca a narrativa num belo campo recheado de personagens encantadores que ajudarão o garoto, enquanto se ajudam mais do que imaginam. Suas aquarelas singelas parecem aumentar a torcida do leitor para que Hugo consiga pagar o pedágio no menor espaço de tempo. Jennifer insiste nos pequenos heróis, pois sabe que eles ainda fazem a diferença. | ||
| 650 | 4 | _aLiteratura Infantil | |
| 942 | _cBK | ||
| 999 |
_c123862 _d123862 |
||